000 00387nam a22001457a 4500
999 _c4250
_d4250
003 GBCCL
005 20241126110514.0
008 180117b xxu||||| |||| 00| 0 eng d
040 _cgbc
082 _a266
_bCHA
245 _aChanging World...:
_bUnchanging Commission
260 _aMadras:
_bUnion of Evangelical Students of India,
_c1990
300 _a64 p.;
_c21 cm.
942 _2ddc
_cBK
_01